La transfiguración del lugar común : una filosofía del arte /
Guardado en:
| Hovedforfatter: | |
|---|---|
| Format: | Bog |
| Sprog: | spansk |
| Udgivet: |
Barcelona, España :
Paidós,
2002, c2002
|
| Serier: | (Paidós Estética ;
31) |
| Fag: | |
| Tags: |
Ingen Tags, Vær først til at tagge denne postø!
|
MARC
| LEADER | 00000nam^a2200000^a^4500 | ||
|---|---|---|---|
| 001 | 000158399 | ||
| 005 | 20250521000000.0 | ||
| 009 | 20260310100613.578 | ||
| 020 | |a 84-493-1186-1 | ||
| 037 | |a Acervo ITESO - Biblioteca | ||
| 041 | |a ESP | ||
| 082 | |a 709. 04 |b DAN | ||
| 100 | |a Danto, Arthur C. |e (autor) | ||
| 245 | 1 | 3 | |a La transfiguración del lugar común : |b una filosofía del arte / |c A.C. Danto ; tr. por Angel Mollá Román, Aurora Mollá Román. |
| 264 | 4 | |a Barcelona, España : |b Paidós, |c 2002, c2002 | |
| 300 | |a 302 p. | ||
| 336 | |a texto |b txt |2 rdacontenido | ||
| 337 | |a sin mediación |b n |2 rdamedio | ||
| 338 | |a volumen |b nc |2 rdasoporte | ||
| 440 | 1 | |a (Paidós Estética ; |v 31) | |
| 500 | |a Traducción de: The Transfiguration of the Commonplace | ||
| 649 | |a XX | ||
| 650 | |a Estética | ||
| 650 | |a Modernidad y Posmodernidad | ||
| 650 | |a Filosofía | ||
| 650 | |a Arte Moderno | ||
| 650 | |a Arte Posmoderno | ||
| 650 | |a Arte - |x Historia y Crítica | ||
| 650 | |a Arte - |x Teoría | ||
| 910 | |a Fondo General | ||
| 920 | |a Impresos - Libros | ||
| 930 | |a Colección General | ||
| 905 | |a 101 | ||
| 901 | |a 0500089638 |b IT1 |c ACC |u 20250521 | ||
| 902 | |a https://opac.biblio.iteso.mx/vufind/Record/000158399 | ||